| 000 | 00497nam a22001937a 4500 | ||
|---|---|---|---|
| 003 | ASAB | ||
| 005 | 20180827062706.0 | ||
| 008 | 161122t xxu||||| |||| 00| 0 eng d | ||
| 020 | _a81-7754-230-3 | ||
| 040 | _cASAB | ||
| 082 | _a631.586 | ||
| 100 |
_aJohn A. Widtsoe _92199 |
||
| 245 |
_aDry farming for sustainable agriculture _cJohn A. Widtsoe |
||
| 246 | _adry farming | ||
| 260 |
_aIndia. _bAgrobios India _c2005. |
||
| 300 | _a361 P. | ||
| 630 |
_aAgriculture _93606 |
||
| 942 |
_2ddc _cBK |
||
| 999 |
_c480282 _d480282 |
||